| 000 | 00397nam a2200157 a 4500 | ||
|---|---|---|---|
| 082 | 0 | 0 |
_a323.39710954 _bSAX |
| 100 | _aSaxena, V K | ||
| 245 | _aMuslims and the Indian National Congress | ||
| 260 |
_aDelhi _bDiscovery Pub.House _c1985 |
||
| 300 | _a258p | ||
| 500 | _aincludes index and biblioraphy | ||
| 505 | 2 | _aIndex | |
| 650 | _aMuslims-India-Politics | ||
| 700 | 1 | _aSaxena, V K | |
| 942 | _cBK | ||
| 999 |
_c8431 _d8431 |
||